[Event "Indywidualne Mistrzostwa Polski do lat 20"]
[Site "Osrodek „SUDETY”, Pokrzywna 75"]
[Date "1899-12-30"]
[Round "8.23"]
[White "Marciniak, Leonard"]
[Black "Stefaniuk, Zbigniew"]
[Result "1-0"]
[WhiteTitle "I+"]
[BlackTitle "II+"]
[WhiteElo "1738"]
[BlackElo "1601"]

1. e4 e5 2. Nf3 Nc6 3. Bb5 a6 4. Bxc6 dxc6 5. O-O Bg4 6. h3 h5 7. d3 Qf6 8. Be3
Bxf3 9. Qxf3 Qxf3 10. gxf3 Bd6 11. Nd2 Ne7 12. Rfb1 c5 13. Kf1 f6 14. c3 Nc6 15.
Nc4 b5 16. Nd2 Nd8 17. a3 a5 18. c4 bxc4 19. Nxc4 Nc6 20. Rc1 Kd7 21. Rc2 g5 22.
Rac1 Nd4 23. Bxd4 exd4 24. Ke2 Rhg8 25. b3 Rgb8 26. Rb2 h4 27. Kd1 Ra7 28. Kc2
Raa8 29. Rg1 Rg8 30. Rgb1 Rgb8 31. Re1 Re8 32. Re2 Re7 33. Rb1 Ree8 34. Rg1 Bh2
35. Rge1 Be5 36. Kb2 Re7 37. Ka2 Ree8 38. Rc2 Bd6 39. Nb2 Rab8 40. Na4 Rb5 41.
Rec1 Kc6 42. Rc4 Reb8 43. Rxd4 Rxb3 44. Rd5 R8b5 45. Nxc5 Rb2+ 46. Ka1 Rxf2 47.
Na4+ Bc5 48. Nxc5 Rbb2 49. Na4+ Rbc2 50. Rxc2+ Rxc2 51. Rxa5 Rh2 52. Rf5 Rxh3
53. Rxf6+ Kb5 54. Nc3+ Kc5 55. Kb2 Rg3 56. d4+ Kxd4 57. Ne2+ Ke3 58. Nxg3 hxg3
59. Rc6 g2 60. Rc1 Kxf3 61. e5 g4 62. e6 Kf2 63. e7 g1=Q 64. Rxg1 Kxg1 65. e8=Q
g3 66. a4 g2 67. Qe1+ Kh2 68. a5 g1=Q 69. Qxg1+ Kxg1 70. a6 1-0

[Event "Indywidualne Mistrzostwa Polski do lat 20"]
[Site "Osrodek „SUDETY”, Pokrzywna 75"]
[Date "1899-12-30"]
[Round "8.24"]
[White "Bojczewski, Mateusz"]
[Black "Bartoszczuk, Adam"]
[Result "0-1"]
[WhiteTitle "I+"]
[BlackTitle "I"]
[WhiteElo "1868"]
[BlackElo "1380"]

1. c4 g6 2. g3 Bg7 3. Bg2 e5 4. Nc3 d6 5. e3 Ne7 6. Nge2 O-O 7. O-O f5 8. b3 Nbc6
9. Bb2 h6 10. d3 g5 11. f4 Ng6 12. Nd5 Nce7 13. b4 c6 14. Nxe7+ Qxe7 15. Qd2 Bd7
16. a4 Rae8 17. Rae1 exf4 18. Bxg7 fxe3 19. Bxf8 exd2 20. Bxe7 dxe1=Q 21. Rxe1
Rxe7 22. Kf2 Ne5 23. Nc1 Ng4+ 0-1

[Event "Indywidualne Mistrzostwa Polski do lat 20"]
[Site "Osrodek „SUDETY”, Pokrzywna 75"]
[Date "1899-12-30"]
[Round "9.1"]
[White "Kosakowski, Jakub"]
[Black "Fus, Jakub"]
[Result "1-0"]
[WhiteTitle "IM"]
[BlackTitle "FM"]
[WhiteElo "2437"]
[BlackElo "2384"]

1. e4 e5 2. Nf3 Nc6 3. Nc3 Nf6 4. a4 a6 5. Bc4 Be7 6. d3 O-O 7. O-O d6 8. h3 Be6
9. Ng5 Bxc4 10. dxc4 Nd4 11. Be3 h6 12. Nf3 Nxf3+ 13. Qxf3 c6 14. a5 Qc8 15. Rfd1
Qe6 16. b3 Rfe8 17. Rd3 Bf8 18. Rad1 Rad8 19. R1d2 Rc8 20. Qd1 Nh7 21. Bb6 Ng5
22. Be3 Qg6 23. Qg4 Ne6 24. Qxg6 fxg6 25. Na4 Rc7 26. g3 g5 27. c3 Kf7 28. Rd1
Be7 29. Bb6 Rcc8 30. c5 dxc5 31. Rd7 Rb8 32. Nxc5 Nxc5 33. Bxc5 Ke6 34. Bb6 Rf8
35. R1d3 h5 36. Kf1 g4 37. hxg4 hxg4 38. Ke2 Rf3 39. Be3 Rf7 40. Ba7 Rbf8 41.
Rxb7 Bd6 42. Rxf7 Rxf7 43. Be3 Rf8 44. Rd1 Rh8 45. Kd3 Rb8 46. Kc4 Rh8 47. b4
Rh2 48. Kb3 Rh8 49. c4 Rb8 50. Bb6 Be7 51. Ka4 Rc8 52. Be3 Rb8 53. Rb1 Rc8 54.
Rc1 Rb8 55. Bb6 Rc8 56. Kb3 Bf8 1-0

[Event "Indywidualne Mistrzostwa Polski do lat 20"]
[Site "Osrodek „SUDETY”, Pokrzywna 75"]
[Date "1899-12-30"]
[Round "9.2"]
[White "Kozak, Antoni"]
[Black "Fiedorek, Michal"]
[Result "1-0"]
[WhiteTitle "m"]
[BlackTitle "FM"]
[WhiteElo "2356"]
[BlackElo "2337"]

1. d4 Nf6 2. Nf3 g6 3. c4 Bg7 4. Nc3 d6 5. e4 O-O 6. h3 e5 7. d5 a5 8. Be3 Na6
9. g4 Nc5 10. Qc2 c6 11. Nd2 a4 12. a3 cxd5 13. exd5 Ne8 14. O-O-O b6 15. f3 f5
16. Be2 Nf6 17. Rdg1 e4 18. f4 Qe7 19. Kb1 Bd7 20. gxf5 Bxf5 21. Nb5 Nfd7 22.
Nf1 Nd3 23. Ng3 N7c5 24. Nxf5 Rxf5 25. h4 Nxf4 26. Bg4 Rf7 27. h5 g5 28. h6 Be5
29. Nd4 Kh8 30. Nc6 Qf6 31. Nxe5 dxe5 32. Bxc5 bxc5 33. Qxe4 Rb8 34. Rh2 Rfb7
35. Qf5 Rb6 36. Qe4 Rb3 37. Bd1 Rxa3 38. Bc2 Ng6 39. Rd2 Qb6 40. Bd1 Rc3 41. Bxa4
Rh3 42. d6 Rxh6 43. d7 Rd8 44. Rxg5 Rh4 45. Rg4 Rxg4 46. Qxg4 Qf6 47. Qg1 Qf4
48. Rd1 Qxc4 49. Qg5 Qh4 50. Qxh4 Nxh4 51. Rd5 Nf3 52. Rxc5 Ng5 53. Rxe5 Nf7 54.
Re7 1-0

[Event "Indywidualne Mistrzostwa Polski do lat 20"]
[Site "Osrodek „SUDETY”, Pokrzywna 75"]
[Date "1899-12-30"]
[Round "9.3"]
[White "Sernecki, Franciszek"]
[Black "Pacan-milej, Kosma"]
[Result "1/2-1/2"]
[WhiteTitle "FM"]
[BlackTitle "FM"]
[WhiteElo "2220"]
[BlackElo "2401"]

1. d4 Nf6 2. c4 g6 3. Nc3 Bg7 4. e4 d6 5. Bg5 O-O 6. Qd2 c5 7. d5 b5 8. cxb5 a6
9. Nf3 Nbd7 10. a4 Qa5 11. Bd3 Qb4 12. O-O axb5 13. Bxb5 Ba6 14. Qc2 Nb6 15. e5
Bxb5 16. axb5 Nfxd5 17. Nxd5 Nxd5 18. Rad1 e6 19. exd6 Qxb5 20. Nd2 h6 21. Be3
Nxe3 22. fxe3 Qxb2 23. Qxb2 Bxb2 24. Nc4 Bg7 25. Nb6 Ra6 26. Rb1 Rd8 27. Nc4 Ra4
28. Rfc1 Rb4 29. Kf2 f5 30. e4 Bd4+ 31. Kf3 e5 32. exf5 gxf5 33. g4 fxg4+ 34.
Ke4 Rxc4 35. Rxc4 Rxd6 36. Rb7 Rf6 37. Ra4 Rf4+ 38. Kd5 Rf7 39. Rb6 Kh7 40. Raa6
Be3 41. Kxe5 c4 42. Rc6 c3 43. Rxc3 Bf4+ 44. Ke6 Rg7 45. Kf5 Bxh2 46. Rcc6 Rf7+
47. Kxg4 Bf4 48. Rc4 Be5 49. Re6 Bg7 50. Rcc6 Ra7 51. Ra6 Rb7 52. Rab6 Ra7 53.
Ra6 1/2-1/2

[Event "Indywidualne Mistrzostwa Polski do lat 20"]
[Site "Osrodek „SUDETY”, Pokrzywna 75"]
[Date "1899-12-30"]
[Round "9.4"]
[White "Niedbala, Bartlomiej"]
[Black "Luczak, Filip"]
[Result "1-0"]
[WhiteTitle "FM"]
[BlackTitle "FM"]
[WhiteElo "2385"]
[BlackElo "2273"]

1. e4 c5 2. Nc3 Nc6 3. Bb5 g6 4. Bxc6 dxc6 5. f4 Bg7 6. Nf3 Nf6 7. O-O Nd7 8. d3
Nf8 9. Qe1 Qc7 10. e5 Ne6 11. Ne4 Bd7 12. Be3 b6 13. Qh4 h6 14. Qg3 O-O-O 15.
a3 f5 16. exf6 exf6 17. f5 gxf5 18. Nd6+ Kb8 19. Nxf5 Qxg3 20. hxg3 Bf8 21. Bd2
Rg8 22. Bc3 Nd4 23. N5xd4 cxd4 24. Bxd4 Rg6 25. Nh4 Rxg3 26. Bxf6 Re8 27. Rae1
Rxe1 28. Rxe1 Kb7 29. Be5 Rg8 30. Rf1 Bg7 31. Bxg7 Rxg7 32. Rf6 h5 33. Kf2 c5
34. g3 Kc7 35. Ng2 Bc6 36. Nf4 Rh7 37. Ne6+ Kb8 38. Nxc5 Bd5 39. Ne4 h4 40. gxh4
Rxh4 41. Ke3 Kb7 42. Rf4 Rh1 43. Kd4 Bc6 44. Rf7+ Ka6 45. Nd2 Rh4+ 46. Kc3 Rh8
47. Rc7 Bd5 48. a4 Rh4 49. b4 1-0

[Event "Indywidualne Mistrzostwa Polski do lat 20"]
[Site "Osrodek „SUDETY”, Pokrzywna 75"]
[Date "1899-12-30"]
[Round "9.5"]
[White "Koziorowicz, Michal"]
[Black "Mis, Mieszko"]
[Result "1-0"]
[WhiteTitle "k+"]
[BlackTitle "FM"]
[WhiteElo "2309"]
[BlackElo "2417"]

1. e4 c6 2. d4 d5 3. e5 Bf5 4. Nc3 a6 5. Nce2 Qc7 6. Ng3 Bd7 7. f4 e6 8. Nf3 c5
9. Bd3 Nc6 10. c3 cxd4 11. Nxd4 Nge7 12. O-O g6 13. Nge2 Bg7 14. Be3 O-O 15. Nxc6
Nxc6 16. Bc5 Rfd8 17. Bd6 Qb6+ 18. Kh1 Be8 19. Qb3 Qxb3 20. axb3 Bf8 21. Bxf8
Kxf8 22. Rfd1 h6 23. Kg1 Ke7 24. Kf2 g5 25. g3 f6 26. Nd4 gxf4 27. Nxc6+ Bxc6
28. exf6+ Kxf6 29. gxf4 Rg8 30. Rg1 e5 31. fxe5+ Kxe5 32. Rae1+ Kd6 33. Ke3 Raf8
34. Ref1 Rxg1 35. Rxf8 Rg2 36. Rf6+ Ke5 37. Rxh6 Rxb2 38. Rh5+ Kf6 39. b4 Rg2
40. Be2 Kg6 41. Rh8 Kg7 42. Rh3 Kf6 43. Bd3 Rb2 44. Kd4 Rd2 45. Kc5 Bd7 46. Rf3+
Ke5 47. h3 Rh2 48. Bf1 Bf5 49. Kb6 Be4 50. Rf8 Rh1 51. Kc5 Rh2 52. Rf7 Rh1 53.
h4 Rxh4 54. Rxb7 Rh1 55. Bxa6 Rc1 56. Re7+ Kf6 57. Kd6 Rxc3 58. Re6+ 1-0

[Event "Indywidualne Mistrzostwa Polski do lat 20"]
[Site "Osrodek „SUDETY”, Pokrzywna 75"]
[Date "1899-12-30"]
[Round "9.6"]
[White "Psyk, Radoslaw"]
[Black "Krawczyk, Flawian"]
[Result "1-0"]
[WhiteTitle "k++"]
[BlackTitle "I++"]
[WhiteElo "2412"]
[BlackElo "2114"]

1. e4 c5 2. Na3 d6 3. f4 g6 4. Nf3 Bg7 5. Be2 Nf6 6. d3 a6 7. O-O O-O 8. Qe1 Nc6
9. c3 Ne8 10. Nc2 f5 11. exf5 gxf5 12. d4 cxd4 13. cxd4 Nf6 14. d5 Nxd5 15. Bc4
e6 16. Bxd5 exd5 17. Be3 Re8 18. Rd1 Qf6 19. Nfd4 Bd7 20. Rf3 Nxd4 21. Nxd4 Re4
22. Qa5 Rae8 23. Bf2 Qf7 24. Qb6 Qf6 25. h3 Bc8 26. Qa5 Be6 27. Nxe6 Qxe6 28.
Qxd5 Qxd5 29. Rxd5 Re2 30. Rxd6 Rxb2 31. Rd7 Bf6 32. Rg3+ Kf8 33. Bc5+ Be7 34.
Rxe7 1-0

[Event "Indywidualne Mistrzostwa Polski do lat 20"]
[Site "Osrodek „SUDETY”, Pokrzywna 75"]
[Date "1899-12-30"]
[Round "9.7"]
[White "Dalkowski, Rafal"]
[Black "Rog, Bartlomiej"]
[Result "0-1"]
[WhiteTitle "k"]
[BlackTitle "I++"]
[WhiteElo "2126"]
[BlackElo "2075"]

1. d4 Nf6 2. c4 e6 3. Nf3 d5 4. Nc3 Bb4 5. cxd5 exd5 6. Qa4+ Nc6 7. Bg5 h6 8. Bh4
Bd7 9. Qc2 g5 10. Bg3 g4 11. Nh4 Nxd4 12. Qd3 Nb5 13. O-O-O Bxc3 14. bxc3 Qe7
15. Kb1 Ne4 16. Rc1 Qf6 17. Kb2 O-O-O 18. a4 Nc5 0-1

[Event "Indywidualne Mistrzostwa Polski do lat 20"]
[Site "Osrodek „SUDETY”, Pokrzywna 75"]
[Date "1899-12-30"]
[Round "9.8"]
[White "Redzisz, Michal"]
[Black "Raczek, Krzysztof"]
[Result "1/2-1/2"]
[WhiteTitle "FM"]
[BlackTitle "I++"]
[WhiteElo "2261"]
[BlackElo "2029"]

1. e4 c5 2. Nf3 d6 3. d4 cxd4 4. Nxd4 Nf6 5. Nc3 Nc6 6. Bg5 e6 7. Qd2 a6 8. O-O-O
Bd7 9. f4 b5 10. Bxf6 gxf6 11. Kb1 b4 12. Nce2 Qb6 13. Nxc6 Bxc6 14. f5 e5 15.
Ng3 h5 16. h4 Qc5 17. Bd3 Bh6 18. Qe2 Ke7 19. Nxh5 Qe3 20. Qf1 Bxe4 21. Rg1 Bxd3
22. Rxd3 Qc1+ 23. Qxc1 Bxc1 24. g4 Bh6 25. g5 Bxg5 26. hxg5 Rxh5 27. gxf6+ Kxf6
28. Rxd6+ Kxf5 29. Rf1+ Ke4 30. Re1+ Kf5 1/2-1/2

[Event "Indywidualne Mistrzostwa Polski do lat 20"]
[Site "Osrodek „SUDETY”, Pokrzywna 75"]
[Date "1899-12-30"]
[Round "9.9"]
[White "Sowinski, Pawel"]
[Black "Kacprzak, Karol"]
[Result "1/2-1/2"]
[WhiteTitle "I++"]
[BlackTitle "k"]
[WhiteElo "2075"]
[BlackElo "2226"]

1. c4 c5 2. g3 Nc6 3. Bg2 g6 4. Nf3 Bg7 5. Nc3 d6 6. O-O e6 7. a3 Nge7 8. Rb1 b6
9. d3 Bb7 10. Bd2 O-O 11. b4 Qd7 12. Qa4 h6 13. e3 Rfd8 14. Rfd1 g5 15. h3 Ng6
16. Be1 f5 17. d4 g4 18. hxg4 fxg4 19. d5 gxf3 20. Bh3 Nf8 21. bxc5 dxc5 22. dxc6
Qxc6 23. Rxd8 Rxd8 24. Qxa7 Nd7 25. Qa4 Kf7 26. Qc2 Ra8 27. Rd1 Nf6 28. Nb5 Ne4
29. Qd3 Ke7 30. Bg4 Nf6 31. Qg6 Kf8 32. Nd6 Qd7 33. Nf5 Qf7 34. Qxf7+ Kxf7 35.
Nxg7 Kxg7 36. Bc3 1/2-1/2

[Event "Indywidualne Mistrzostwa Polski do lat 20"]
[Site "Osrodek „SUDETY”, Pokrzywna 75"]
[Date "1899-12-30"]
[Round "9.10"]
[White "Wojdak, Jan"]
[Black "Mulawa, Cyprian"]
[Result "1-0"]
[WhiteTitle "k"]
[BlackTitle "I"]
[WhiteElo "2178"]
[BlackElo "2010"]

1. e4 c5 2. Nf3 g6 3. d4 cxd4 4. Nxd4 Nc6 5. c4 Nf6 6. Nc3 Nxd4 7. Qxd4 d6 8. f3
Bg7 9. Be3 O-O 10. Qd2 Be6 11. Rc1 Qa5 12. Bd3 a6 13. b3 b5 14. Nd5 Qd8 15. Nxf6+
exf6 16. cxb5 axb5 17. Bxb5 f5 18. exf5 Bxf5 19. O-O Qf6 20. Ba4 Rac8 21. Rfd1
Rxc1 22. Rxc1 h5 23. Bc6 Rc8 24. b4 Qe6 25. b5 d5 26. Bd4 Bf8 27. Qe3 Bd6 28.
Re1 Bf4 29. Qxe6 fxe6 30. Re2 Kf7 31. a4 Ke7 32. a5 Kd6 33. g3 e5 34. Bc3 Bd3
35. Bb4+ Kc7 36. Re1 1-0

[Event "Indywidualne Mistrzostwa Polski do lat 20"]
[Site "Osrodek „SUDETY”, Pokrzywna 75"]
[Date "1899-12-30"]
[Round "9.11"]
[White "Janeczko, Jakub"]
[Black "Jarzebowski, Kacper"]
[Result "0-1"]
[WhiteTitle "I++"]
[BlackTitle "k+"]
[WhiteElo "2091"]
[BlackElo "2148"]

1. e4 e5 2. Nf3 Nc6 3. Nc3 Nf6 4. a4 d5 5. Bb5 Nxe4 6. Qe2 Nxc3 7. Qxe5+ Be7 8.
Bxc6+ bxc6 9. Qxc3 O-O 10. Qxc6 Rb8 11. O-O d4 12. Qe4 Bf6 13. Re1 Rb6 14. d3
Bb7 15. Qf5 Be7 16. b3 Rf6 17. Qh5 Bb4 18. Re5 Qd6 19. Bd2 Bxd2 20. Nxd2 Rh6 21.
Qf5 Rf6 22. Qh5 Qc6 23. Ne4 Rh6 24. Qg4 Rg6 25. Rg5 f5 26. Rxg6 hxg6 0-1

[Event "Indywidualne Mistrzostwa Polski do lat 20"]
[Site "Osrodek „SUDETY”, Pokrzywna 75"]
[Date "1899-12-30"]
[Round "9.12"]
[White "Kacprzak, Kacper"]
[Black "Panek, Bartosz"]
[Result "1/2-1/2"]
[WhiteTitle "k"]
[BlackTitle "I++"]
[WhiteElo "2219"]
[BlackElo "2073"]

1. e4 c6 2. d4 d5 3. e5 Bf5 4. h4 h5 5. Bd3 Bxd3 6. Qxd3 e6 7. Bg5 Qa5+ 8. Nd2
Ne7 9. Ngf3 Qa6 10. c4 Nd7 11. O-O O-O-O 12. Rfc1 Kb8 13. b3 Ka8 14. Nf1 f6 15.
exf6 gxf6 16. Bf4 c5 17. Bh2 Nc6 18. Rd1 dxc4 19. Qxc4 Qxc4 20. bxc4 Nxd4 21.
Nxd4 cxd4 22. Rxd4 Bc5 23. Rd2 e5 24. Ng3 Nb6 25. Rxd8+ Rxd8 26. Nxh5 Bd4 27.
Rc1 f5 28. Ng7 Bb2 29. Rb1 Nxc4 30. Nxf5 Na3 31. Re1 Bc3 32. Rc1 b5 33. h5 b4
34. h6 1/2-1/2

[Event "Indywidualne Mistrzostwa Polski do lat 20"]
[Site "Osrodek „SUDETY”, Pokrzywna 75"]
[Date "1899-12-30"]
[Round "9.13"]
[White "Leskiewicz, Ignacy"]
[Black "Budzisz, Adrian"]
[Result "1-0"]
[WhiteTitle "k"]
[BlackTitle "I++"]
[WhiteElo "2177"]
[BlackElo "1985"]

1. e4 e6 2. d4 d5 3. Nd2 c5 4. exd5 exd5 5. Ngf3 Nf6 6. Bb5+ Bd7 7. Qe2+ Be7 8.
O-O O-O 9. dxc5 Bxc5 10. Nb3 Re8 11. Qd3 Bb6 12. Bg5 Nc6 13. c3 a6 14. Bxc6 bxc6
15. Rfe1 h6 16. Bh4 Re4 17. Rxe4 dxe4 18. Bxf6 exd3 19. Bxd8 Rxd8 20. Ne5 Be8
21. Rd1 f6 22. Nxd3 c5 23. c4 Bf7 24. Rd2 Bxc4 25. Ndxc5 Rc8 26. Nd3 a5 27. Nbc1
a4 28. Rc2 Kf7 29. b3 axb3 30. axb3 Be6 31. Rxc8 Bxc8 32. Nb2 Ba6 33. Nc4 Bd4
34. Kf1 Ke6 35. Nd3 Kd5 36. Nb4+ 1-0

[Event "Indywidualne Mistrzostwa Polski do lat 20"]
[Site "Osrodek „SUDETY”, Pokrzywna 75"]
[Date "1899-12-30"]
[Round "9.14"]
[White "Malek, Jan"]
[Black "Warchol, Kamil"]
[Result "1-0"]
[WhiteTitle "I++"]
[BlackTitle "CM"]
[WhiteElo "2149"]
[BlackElo "1956"]

1. d4 d6 2. e4 Nf6 3. Nc3 e5 4. Nf3 Nbd7 5. Rg1 c6 6. g4 h6 7. Be3 Qa5 8. Nd2 Qc7
9. f4 b5 10. a3 a6 11. Qf3 Bb7 12. h4 g6 13. O-O-O h5 14. gxh5 Nxh5 15. fxe5 dxe5
16. Bh3 exd4 17. Bxd4 Ne5 18. Qf2 Bh6 19. Kb1 Nf4 20. Rg3 O-O 21. Bf5 Nh5 22.
Rgg1 Bg7 23. Rg5 Rfe8 24. Rdg1 Qe7 25. Bxe5 Qxe5 26. Bxg6 Qf6 27. Bf5 a5 28. Rxh5
Qe7 29. Rxg7+ Kxg7 30. Qg3+ 1-0

[Event "Indywidualne Mistrzostwa Polski do lat 20"]
[Site "Osrodek „SUDETY”, Pokrzywna 75"]
[Date "1899-12-30"]
[Round "9.15"]
[White "Bartodziej, Bartosz"]
[Black "Kazmierowski, Tymon"]
[Result "0-1"]
[WhiteTitle "I"]
[BlackTitle "I++"]
[WhiteElo "1805"]
[BlackElo "2077"]

1. e4 c5 2. Nf3 d6 3. d4 cxd4 4. Nxd4 Nf6 5. Nc3 a6 6. Be2 e5 7. Nb3 Be7 8. O-O
O-O 9. Kh1 b5 10. a4 b4 11. Nd5 Bb7 12. Nxe7+ Qxe7 13. f3 Qc7 14. Nd2 d5 15. exd5
Bxd5 16. b3 Rd8 17. Bb2 Nc6 18. Qe1 Nh5 19. g3 Nd4 20. Bxd4 exd4 21. Bd3 Re8 22.
Qf2 Re3 23. Rae1 Rae8 24. Rxe3 dxe3 25. Re1 Qe5 26. Qf1 Nxg3+ 27. hxg3 Qxg3 28.
Bf5 Re5 29. Ne4 Qh4+ 30. Bh3 Rh5 31. Rxe3 Qxh3+ 32. Qxh3 Rxh3+ 33. Kg2 Rh6 34.
Nc5 Rg6+ 35. Kf2 h5 36. Re8+ Kh7 37. Re5 Rd6 38. Rxh5+ Kg6 39. Re5 Kf6 40. Re2
Ba8 41. Nd3 a5 42. Ne5 Rd5 43. Ng4+ Kg5 44. Ne3 Rc5 45. Rd2 Bc6 46. Rd4 g6 47.
f4+ Kf6 48. Ke2 Ke6 49. Kd3 Rc3+ 50. Kd2 Rc5 51. Rc4 Kd6 52. Rxc5 Kxc5 53. Kd3
Bb7 54. Ng4 Bc8 55. Ne3 f6 56. Ke4 Bb7+ 57. Kd3 g5 58. fxg5 fxg5 59. Ng4 Bd5 60.
Ne5 Kd6 61. Kd4 Be6 62. Nf3 g4 63. Nd2 Bd5 64. Nf1 Bf3 65. Ng3 Bd1 66. Kd3 Ke5
67. c3 Bxb3 68. cxb4 axb4 69. a5 Bd5 70. Ne2 Bb7 71. Ng3 Ba6+ 72. Kc2 Kd4 73.
Kb3 Kc5 74. Nf5 Bc4+ 75. Kb2 Be6 76. Ng3 Kb5 77. Kc2 Kxa5 78. Kb2 Kb5 79. Ne2
Kc4 80. Kc2 Bf7 81. Ng3 b3+ 82. Kb2 Kd3 83. Nf5 Ke2 84. Nh6 g3 0-1

[Event "Indywidualne Mistrzostwa Polski do lat 20"]
[Site "Osrodek „SUDETY”, Pokrzywna 75"]
[Date "1899-12-30"]
[Round "9.16"]
[White "Zielonka, Adam"]
[Black "Radzimski, Antoni"]
[Result "1/2-1/2"]
[WhiteTitle "I"]
[BlackTitle "I"]
[WhiteElo "1862"]
[BlackElo "1613"]

1. c4 e6 2. Nf3 d5 3. b3 c5 4. g3 Nc6 5. Bg2 Nf6 6. O-O Bd6 7. e3 O-O 8. cxd5 exd5
9. Bb2 Bg4 10. h3 Bh5 11. g4 Bg6 12. d4 Re8 13. Nc3 cxd4 14. Nxd4 Nxd4 15. Qxd4
Be5 16. Qd2 Ne4 17. Nxe4 Bxb2 18. Qxb2 dxe4 19. Qd4 Qh4 20. Qd6 h5 21. Qf4 f5
22. g5 Qxf4 23. exf4 Rac8 24. Rfd1 Red8 25. Bf1 h4 26. Rxd8+ Rxd8 27. Rc1 Bh5
28. Bg2 Rd2 29. Rc8+ Kh7 30. Rc7 Rxa2 31. Rxb7 Bf3 32. Bxf3 exf3 33. b4 Ra1+ 34.
Kh2 Rf1 35. Rxa7 Rxf2+ 36. Kg1 Rg2+ 37. Kf1 1/2-1/2

[Event "Indywidualne Mistrzostwa Polski do lat 20"]
[Site "Osrodek „SUDETY”, Pokrzywna 75"]
[Date "1899-12-30"]
[Round "9.17"]
[White "Jedrusik, Adam"]
[Black "Golis, Wiktor"]
[Result "1-0"]
[WhiteTitle "I++"]
[BlackTitle "I"]
[WhiteElo "1995"]
[BlackElo "1553"]

1. d4 g6 2. c4 Nf6 3. Nc3 Bg7 4. e4 d6 5. f3 O-O 6. Be3 a6 7. Nge2 Nbd7 8. Qd2
b5 9. cxb5 axb5 10. Nxb5 c6 11. Nbc3 e5 12. Rd1 d5 13. exd5 Nxd5 14. Nxd5 cxd5
15. Nc3 exd4 16. Bxd4 Re8+ 17. Kf2 Ne5 18. Bb5 Ba6 19. Bxa6 Rxa6 20. b3 Qh4+ 21.
g3 Qf6 22. Bxe5 Rxe5 23. Nxd5 Qd8 24. Ne3 Qe8 25. Nc4 Ree6 26. a4 Bf6 27. Rhe1
Qb8 28. Qd3 h5 29. Kg2 Qb4 30. Re4 Rxe4 31. fxe4 Ra8 32. Rf1 Bg7 33. Qd5 Ra7 34.
Qb5 Qe7 35. Qc6 Rb7 36. Rf3 h4 37. gxh4 Rd7 38. e5 Bxe5 39. Qe4 Bf6 40. Qxe7 Bxe7
41. Ne5 Rd2+ 42. Rf2 Rd5 43. Nc6 Bxh4 44. Rc2 Rd3 45. a5 Rxb3 46. a6 Ra3 47. a7
Bf6 48. Rd2 Kg7 49. Rd5 Ra2+ 50. Kf3 Ra3+ 51. Ke2 Ra2+ 52. Kd3 Ra3+ 53. Ke4 1-0

[Event "Indywidualne Mistrzostwa Polski do lat 20"]
[Site "Osrodek „SUDETY”, Pokrzywna 75"]
[Date "1899-12-30"]
[Round "9.18"]
[White "Zalega, Maciej"]
[Black "Kutowski, Marcel"]
[Result "1-0"]
[WhiteTitle "I"]
[BlackTitle "I+"]
[WhiteElo "1985"]
[BlackElo "1894"]

1. e4 c6 2. d4 d5 3. exd5 cxd5 4. Bd3 Nc6 5. c3 Nf6 6. h3 g6 7. Nf3 Bf5 8. Be2
Bg7 9. O-O h6 10. Be3 g5 11. Nh2 e6 12. Nd2 Ne4 13. Nxe4 Bxe4 14. Qd2 Qd7 15.
a4 O-O-O 16. a5 Rhg8 17. b4 Ne7 18. f3 Bg6 19. Ng4 f6 20. Nf2 Kb8 21. Nd3 Bxd3
22. Bxd3 e5 23. b5 f5 24. dxe5 Bxe5 25. Bxa7+ Kxa7 26. Qe3+ d4 27. Qxe5 dxc3 28.
Bc4 Rge8 29. b6+ Ka8 30. Bb5 Nc6 31. Qxc3 Re6 32. Bxc6 Rxc6 33. Qb3 Qd4+ 34. Kh1
Rcd6 35. Rfe1 g4 36. a6 gxh3 37. axb7+ Kxb7 38. gxh3 Qh4 39. Re7+ R6d7 40. Qd5+
Kxb6 41. Rb1+ 1-0

[Event "Indywidualne Mistrzostwa Polski do lat 20"]
[Site "Osrodek „SUDETY”, Pokrzywna 75"]
[Date "1899-12-30"]
[Round "9.19"]
[White "Chylewski, Patryk"]
[Black "Marciniak, Leonard"]
[Result "0-1"]
[WhiteTitle "FM"]
[BlackTitle "I+"]
[WhiteElo "2303"]
[BlackElo "1738"]

1. d4 Nf6 2. c4 g6 3. d5 d6 4. Nc3 c5 5. e4 Bg7 6. Bd3 Na6 7. Nge2 Nc7 8. O-O O-O
9. Bg5 a6 10. a4 a5 11. f4 Na6 12. Rc1 Nb4 13. Bb1 Nd7 14. Qd2 b6 15. Nb5 f6 16.
Bh4 Ba6 17. Nec3 Bxb5 18. Nxb5 Kh8 19. Rf3 Rg8 20. Rh3 Nf8 21. Re1 Qd7 22. Bg3
e6 23. dxe6 Nxe6 24. Bf2 Rad8 25. Rd1 Bf8 26. Be3 Be7 27. Qc3 Qc6 28. b3 Rg7 29.
Qb2 Rdg8 30. Rh6 Nc7 31. Nc3 Re8 32. Qf2 f5 33. e5 dxe5 34. fxe5 Ne6 35. h4 Rf8
36. Nd5 Bd8 37. h5 f4 38. Nxb4 axb4 39. Rd6 Qc8 40. Bxc5 bxc5 41. hxg6 Be7 42.
Rb6 Ng5 43. a5 Qc7 44. Qb2 f3 45. g3 f2+ 46. Kf1 Qd7 47. Qe2 Nf3 48. Bd3 Qd4 49.
Kg2 Ne1+ 0-1

[Event "Indywidualne Mistrzostwa Polski do lat 20"]
[Site "Osrodek „SUDETY”, Pokrzywna 75"]
[Date "1899-12-30"]
[Round "9.20"]
[White "Bartoszczuk, Adam"]
[Black "Maslanka, Wojciech"]
[Result "0-1"]
[WhiteTitle "I"]
[BlackTitle "I"]
[WhiteElo "1380"]
[BlackElo "1907"]

1. e4 c6 2. d4 d5 3. e5 Bf5 4. Nf3 e6 5. Be2 Nd7 6. O-O Ne7 7. Nbd2 Bg6 8. Nh4
c5 9. c3 Nc6 10. Nxg6 hxg6 11. Nf3 cxd4 12. cxd4 Rc8 13. a3 Be7 14. Be3 O-O 15.
b4 a6 16. Nd2 b5 17. Nb3 Nb6 18. Nc5 Bxc5 19. dxc5 Nc4 20. Bxc4 dxc4 21. f4 Ne7
22. Qf3 Nd5 23. Rfd1 Qc7 24. Bd4 Rfd8 25. g4 a5 26. a4 Nxb4 27. axb5 Nc2 28. b6
Nxd4 29. Qf2 Qxc5 30. b7 Rb8 31. Rab1 c3 32. Rb5 Qxb5 33. Rxd4 Qb1+ 34. Kg2 Qxb7+
35. Kh3 Rxd4 36. Qxd4 c2 0-1

[Event "Indywidualne Mistrzostwa Polski do lat 20"]
[Site "Osrodek „SUDETY”, Pokrzywna 75"]
[Date "1899-12-30"]
[Round "9.21"]
[White "Maciejewski, Kamil"]
[Black "Karut, Kacper"]
[Result "1-0"]
[WhiteTitle "I++"]
[BlackTitle "I"]
[WhiteElo "1884"]
[BlackElo "1826"]

1. Nf3 d5 2. g3 Nf6 3. Bg2 c5 4. O-O Nc6 5. d4 e6 6. c4 Be7 7. cxd5 Nxd5 8. Nc3
Nxc3 9. bxc3 cxd4 10. cxd4 O-O 11. e4 Bf6 12. Be3 Qa5 13. Qb3 Rd8 14. Rfd1 b6
15. e5 Be7 16. Ng5 Bd7 17. d5 Nxe5 18. dxe6 Ba4 19. exf7+ Kh8 20. Bxa8 Rxa8 21.
Qe6 Bxg5 22. Rd5 Nf3+ 23. Kg2 Ne1+ 24. Kh3 Qa6 25. Rxe1 Bxe3 26. Qxe3 Qc8+ 27.
Qe6 Qxe6+ 28. Rxe6 Rf8 29. Red6 g6 30. Rd8 Kg7 31. Rxf8 Kxf8 32. Rd8+ Kxf7 33.
Ra8 Bd7+ 34. g4 a5 35. Ra7 Ke6 36. Ra6 Ke5 37. Rxb6 Kf4 38. Rf6+ Kg5 39. Ra6 a4
40. Kg3 1-0

[Event "Indywidualne Mistrzostwa Polski do lat 20"]
[Site "Osrodek „SUDETY”, Pokrzywna 75"]
[Date "1899-12-30"]
[Round "9.22"]
[White "Sidorczuk, Pawel"]
[Black "Bujalski, Mateusz"]
[Result "1-0"]
[WhiteTitle "I+"]
[BlackTitle "I"]
[WhiteElo "1887"]
[BlackElo "1802"]

1. d4 b6 2. c4 Nf6 3. f3 e6 4. e4 Bb7 5. Nc3 d5 6. cxd5 exd5 7. e5 Nfd7 8. f4 Bb4
9. Nf3 O-O 10. Bd3 f5 11. a3 Bxc3+ 12. bxc3 Qe7 13. Qe2 g6 14. h4 h5 15. g4 hxg4
16. Ng5 Kg7 17. Be3 Rh8 18. h5 Nf8 19. Kd2 Nc6 20. hxg6 Nxg6 21. Bxf5 Na5 22.
Ne6+ Qxe6 23. Bxe6 Nb3+ 24. Kc2 Nxa1+ 25. Rxa1 g3 26. Qg4 Rh2+ 27. Kb3 a5 28.
a4 b5 29. f5 bxa4+ 30. Ka3 g2 31. Qxg6+ Kh8 32. Bh6 g1=Q 33. Rxg1 Rg2 34. Bg7#
1-0

[Event "Indywidualne Mistrzostwa Polski do lat 20"]
[Site "Osrodek „SUDETY”, Pokrzywna 75"]
[Date "1899-12-30"]
[Round "9.23"]
[White "Kocierz, Pawel"]
[Black "Paprocki, Antoni"]
[Result "0-1"]
[WhiteTitle "I"]
[BlackTitle "I++"]
[WhiteElo "1774"]
[BlackElo "1889"]

1. Nf3 Nf6 2. g3 e6 3. Bg2 d5 4. O-O Be7 5. c4 O-O 6. cxd5 exd5 7. d4 c6 8. Nc3
Bf5 9. Bf4 Ne4 10. Ne5 Nxc3 11. bxc3 Nd7 12. Qb3 Nxe5 13. Bxe5 Qb6 14. c4 dxc4
15. Qxc4 Rfd8 16. Rfd1 Rac8 17. e4 Be6 18. Qc3 Bb4 19. Qb2 Qa5 20. d5 cxd5 21.
Bxg7 d4 22. Rxd4 Bc3 23. Rxd8+ Kxg7 24. Qxb7 Rxd8 0-1